| Tag |
First Indicator |
Second Indicator |
Subfields |
| LEADER |
00000cam a2200000 i 4500 |
| 001 |
in00003427607 |
| 005 |
20211120171713.0 |
| 006 |
m o d f |
| 007 |
cr bn| |
| 008 |
100422s2010 dcu ob f000 0 eng c |
| 035 |
|
|
|a (OCoLC)ocn608560833
|
| 040 |
|
|
|a OLV
|b eng
|e rda
|e pn
|c OLV
|d GPO
|d MvI
|d UtOrBLW
|
| 042 |
|
|
|a pcc
|
| 043 |
|
|
|a nwht---
|
| 049 |
|
|
|a WWW
|
| 074 |
|
|
|a 1063-K-19 (online)
|
| 086 |
0 |
|
|a Y 3.P 31:26/18
|
| 100 |
1 |
|
|a O'Connor, Vivienne M.,
|d 1977-
|e author.
|
| 245 |
1 |
4 |
|a The rule of law in Haiti after the earthquake /
|c Vivienne O'Connor.
|
| 264 |
|
1 |
|a Washington, DC :
|b United States Institute of Peace,
|c 2010.
|
| 300 |
|
|
|a 1 online resource (4 pages)
|
| 336 |
|
|
|a text
|b txt
|2 rdacontent
|
| 337 |
|
|
|a computer
|b c
|2 rdamedia
|
| 338 |
|
|
|a online resource
|b cr
|2 rdacarrier
|
| 490 |
1 |
|
|a Peacebrief ;
|v 18
|
| 500 |
|
|
|a Title from title screen (viewed April 22, 2010).
|
| 500 |
|
|
|a "April 15, 2010."
|
| 504 |
|
|
|a Includes bibliographical references (page 4).
|
| 500 |
|
|
|a This brief summarizes a February 12, 2010 event featuring René Magloire, which was hosted by the Institute.
|
| 505 |
0 |
|
|a Summary -- Introduction -- After dictatorship : Rule of law challenges in Haiti -- Steady progress before the earthquake -- After the earthquake : "Life goes on and justice cannot stop" -- Conclusion.
|
| 650 |
|
0 |
|a Rule of law
|z Haiti.
|
| 650 |
|
0 |
|a Haiti Earthquake, Haiti, 2010.
|
| 650 |
|
0 |
|a Emergency management
|z Haiti.
|
| 651 |
|
0 |
|a Haiti
|x Politics and government
|y 1986-
|
| 710 |
2 |
|
|a United States Institute of Peace.
|
| 830 |
|
0 |
|a Peace brief ;
|v 18.
|
| 856 |
4 |
0 |
|u https://purl.fdlp.gov/GPO/gpo44906
|t 0
|
| 999 |
|
|
|a MARS
|
| 999 |
f |
f |
|s 3261036a-aae2-365a-b571-4347a1a23d95
|i 9230e5cc-3045-339e-b163-711f53747243
|t 0
|
| 952 |
f |
f |
|a Texas A&M University
|b College Station
|c Electronic Resources
|d Available Online
|t 0
|e Y 3.P 31:26/18
|h Superintendent of Documents classification
|
| 998 |
f |
f |
|a Y 3.P 31:26/18
|t 0
|l Available Online
|